000 00635nam a2200253Ia 4500
005 20250425162323.0
008 250425s9999 xx 000 0 und d
020 _a9789284411283
041 _aeng
043 _asp
082 _a338.4791
110 _aWORLD TOURISM ORGANIZATION
245 0 _aCHINA: THE ASIA AND THE PACIFIC INTRA-REGIONAL OUTBOUND SERIES
250 _a1ST ED.
260 _aEspaƱa
_bWORLD TOURISM ORGANIZATION
_c2006
260 _aMADRID
300 _a98
650 _aCHINA
650 _aDATOS ESTADISTICOS
650 _aMERCADO TURISTICO
650 _aTURISMO
942 _c01
010 _a62057
999 _c226812
_d226812